000 00292nam a2200121 a 4500
001 000002417
005 20200929150208.0
008 090702s2002 000 spa d
020 _a8489384371
245 0 _aInfancias soƱadas y otros ensayos.
260 _aMadrid,
_c2002.
999 _c2253
_d2253
040 _aDO-SdBNP